Селективное извлечение серебра из цианистых растворов, содержащих примеси меди, никеля, железа или сурьмы, электролизом в псевдоожиженном слое стеклянных частиц; Экотехнологии и ресурсосбережение; № 3

Bibliografiset tiedot
Parent link:Экотехнологии и ресурсосбережение: научно-технический журнал/ Национальная академия наук Украины (НАНУ) ; Институт газа Украины.— , 1994-2008.— 0235-3482
№ 3.— 2003.— С. 28-32
Muut tekijät: Шваб Н. А., Гребенник А. М., Литовченко В. Д., Гурьянова И. А., Шестак А. К.
Kieli:venäjä
Julkaistu: 2003
Sarja:Очистка и переработка отходов
Aiheet:
Aineistotyyppi: MixedMaterials Kirjan osa
KOHA link:https://koha.lib.tpu.ru/cgi-bin/koha/opac-detail.pl?biblionumber=387647

MARC

LEADER 00000naa2a2200000 4500
001 387647
005 20231101063632.0
035 |a (RuTPU)RU\TPU\prd\17458 
090 |a 387647 
100 |a 20030917a2003 k y0rusy50 ca 
101 0 |a rus 
102 |a UA 
200 1 |a Селективное извлечение серебра из цианистых растворов, содержащих примеси меди, никеля, железа или сурьмы, электролизом в псевдоожиженном слое стеклянных частиц  |f Н. А. Шваб, А. М. Гребенник, В. Д. Литовченко и др. 
225 1 |a Очистка и переработка отходов 
320 |a Библиогр.: 20 назв. 
461 1 |0 (RuTPU)RU\TPU\prd\1029  |x 0235-3482  |t Экотехнологии и ресурсосбережение  |o научно-технический журнал  |f Национальная академия наук Украины (НАНУ) ; Институт газа Украины  |d 1994-2008 
463 1 |0 (RuTPU)RU\TPU\prd\16366  |t № 3  |v С. 28-32  |d 2003 
610 1 |a серебро 
610 1 |a извлечение серебра 
610 1 |a цианистые растворы 
610 1 |a примеси меди 
610 1 |a примеси никеля 
610 1 |a примеси железа 
610 1 |a сурьма 
610 1 |a электролиз 
610 1 |a псевдоожиженный слой 
610 1 |a стеклянные частицы 
610 1 |a диффузия 
675 |a 546.135.5  |v 3 
701 1 |a Шваб  |b Н. А. 
701 1 |a Гребенник  |b А. М. 
701 1 |a Литовченко  |b В. Д. 
701 1 |a Гурьянова  |b И. А. 
701 1 |a Шестак  |b А. К. 
801 1 |a RU  |b 63413507  |c 20030917  |g PSBO 
801 2 |a RU  |b 63413507  |c 20120412  |g PSBO 
942 |c BK